Các chính sách kinh tế trên thế giới /
Những khái niệm cơ bản; Hệ thống kinh tế và các trường phái kinh tế; Kinh tế học vĩ mô; Các chính sách kinh tế.
Shranjeno v:
| Glavni avtor: | |
|---|---|
| Format: | Knjiga |
| Jezik: | Vietnamese |
| Izdano: |
Tp.HCM :
Thống kê,
1997.
|
| Teme: | |
| Oznake: |
Označite
Brez oznak, prvi označite!
|
| Thư viện lưu trữ: | Mạng thư viện Đại học Đà Nẵng |
|---|
| LEADER | 01285cam a2200373 a 4500 | ||
|---|---|---|---|
| 001 | 000044583 | ||
| 003 | 2985 | ||
| 005 | 20060427085754.0 | ||
| 008 | 010314b1997 vm 000 vie | ||
| 020 | |c 40000 | ||
| 040 | |a LRC |c LRC |d LRC | ||
| 041 | 0 | |a vie | |
| 082 | 1 | 4 | |a 330.1 |b NG-H |
| 100 | 1 | |a Nguyễn Tiến Hùng. | |
| 245 | 1 | 4 | |a Các chính sách kinh tế trên thế giới / |c Nguyễn Tiến Hùng. |
| 260 | |a Tp.HCM : |b Thống kê, |c 1997. | ||
| 300 | |a 502 tr. ; |c 20 cm. | ||
| 520 | 3 | |a Những khái niệm cơ bản; Hệ thống kinh tế và các trường phái kinh tế; Kinh tế học vĩ mô; Các chính sách kinh tế. | |
| 630 | 0 | 4 | |a Kinh tế. |
| 630 | 0 | 4 | |a Thế giới. |
| 650 | 0 | 4 | |a Kinh tế |x Chính sách. |
| 650 | 0 | 4 | |a Kinh tế |x Trường phái. |
| OWN | |a DUT | ||
| AVA | |a UDN50 |b DUT |c Book |d 330.1 NG-H |e available |t Error 5001 Not defined in file expand_doc_bib_avail. |f 5 |g 0 |h N |i 0 |j SH |k 1 | ||
| 999 | |a From the UDN01 | ||
| AVA | |a UDN50 |b DUT |c Book |d 330.1 NG-H |e available |t Error 5001 Not defined in file expand_doc_bib_avail. |f 5 |g 0 |h N |i 0 |j SH |k 1 | ||
| TYP | |a Monograph | ||
| TYP | |a Printed language | ||
| 980 | |a Mạng thư viện Đại học Đà Nẵng | ||